| 000 | 00334cam a22001217a 4500 | ||
|---|---|---|---|
| 008 | 180718b1989 xxu||||| |||| 00| 0 eng d | ||
| 082 | _aU6x54 Sa82 | ||
| 100 | _aSathe, V. | ||
| 245 |
_aRestructuring of public sector in India _cby V. Sathe |
||
| 260 |
_aDelhi _bVikas _c1989 |
||
| 300 | _a164p. | ||
| 650 | _aGovernment enterprise - India | ||
| 999 |
_c353635 _d353635 |
||